| 000 | 00322nam a2200121Ia 4500 | ||
|---|---|---|---|
| 008 | 190216s9999||||xx |||||||||||||| ||und|| | ||
| 100 | _aKrishna Swami O R And Ranganathan M | ||
| 245 | 0 | _aMethodology Of Reserch In Social Sciences | |
| 260 | _bHimalaya Publishing House | ||
| 300 | _a445 | ||
| 650 | _aCommerce | ||
| 942 | _cBK | ||
| 999 |
_c6693 _d6693 |
||